000
00292nam a2200145Ia 4500
100
_a
Butcher/Anthony
942
_c
BK
654
_a
MSQL
245
_a
T.Y.MSQL in 21 days
260
_b
Pearson Education
_c
2003
082
_a
5.72
_b
BUT
300
_a
608
546
_a
ENGLISH
999
_c
26043
_d
26043